000 00258nam a22001097a 4500
008 170125b xxu||||| |||| 00| 0 eng d
020 _a07071133X
041 _aeng
080 _27TH
_a61
245 _aPRINCIPLES OF INTERNAL MEDICINE
_cWINTROBE
942 _2udc
_cBK
999 _c3668
_d3668